Größte Häfen der Welt nach Containerumschlag - Statistiken

Allgemein
  • Dieses Quiz wurde 324 mal gespielt
  • Das Durchschnittsergebnis liegt bei 16 aus 40
Antwortstatistiken
Land Stadt/Hafen % Korrekt
Deutschland Hamburg
94%
Niederlande Rotterdam
90%
China Shanghai
86%
China Taicang
86%
Belgien Antwerpen
79%
USA New York
73%
China Hongkong
72%
USA Los Angeles
70%
VAE Dschabal Ali
69%
Deutschland Bremerhaven
66%
Malaysia Tanjung Pelepas
59%
Malaysia Port Klang
58%
Singapur
57%
Griechenland Piräus Athen
56%
Südkorea Busan
48%
Thailand Laem Chabang
48%
Philippinen Manila
46%
Indien Mumbai
44%
Vietnam Hải Phòng
43%
Indonesien Jakarta
41%
Spanien Valencia
40%
China Guangzhou
37%
China Shenzhen
36%
Sri Lanka Colombo
34%
Vietnam Vũng Tàu
30%
China Tianjin
21%
China Xiamen
20%
China Ningbo
17%
China Qingdao
16%
Marokko Tanger-Med
15%
Saudi-Arabien Dschidda
13%
Taiwan Kaohsiung
10%
USA Long Beach
10%
USA Savannah
6%
Indien Mundra
5%
Panama Colón
2%
Vietnam Ho-Chi-Minh-Stadt
1%
China Lianyungang
0%
China Rizhao
0%
China Yingkou
0%
Keine übereinstimmenden Quizze gefunden
Verteilung der Resultate
Anzahl Personen mit jedem Resultat
Perzentil nach korrekt beantworteten Fragen
Ihre Resultats-Entwicklung
Sie haben dieses Quiz noch nicht gespielt